Statistics for 100 College Basketball Players 2015-2022

Click here to take the quiz!

General Stats

  • This quiz has been taken 74 times
  • The average score is 34 of 100

Answer Stats

HintAnswer% Correct
AuburnFJabari Smith
72%
DukeFZion Williamson
72%
NC StateGDennis Smith
70%
MarylandCJalen Smith
70%
TennesseeFGrant Williams
65%
GonzagaCDrew Timme
63%
WisconsinGJohnny Davis
63%
GonzagaGJalen Suggs
62%
IndianaFTrance Jackson-Davis
62%
Murray StateGJa Morant
58%
DukeGRJ Barrett
58%
VillanovaFMikal Bridges
55%
Michigan StateFMiles Bridges
55%
DaytonFObi Toppin
55%
OklahomaGTrae Young
55%
VillanovaGJalen Brunson
53%
KansasFJosh Jackson
53%
UNCFJustin Jackson
53%
VirginiaGKyle Guy
52%
UNCFBrice Johnson
48%
UNCFCameron Johnson
48%
MichiganCHunter Dickinson
48%
UCLAGLonzo Ball
48%
Michigan StateGCassius Winston
47%
WisconsinFFrank Kaminsky
47%
Wichita StateGFred VanVleet
47%
IowaCLuka Garza
47%
MichiganFMo Wagner
47%
LSUFBen Simmons
45%
OregonGDillon Brooks
45%
IllinoisCKofi Cockburn
45%
OklahomaGBuddy Hield
43%
Oklahoma StateGCade Cunningham
42%
PurdueGCarsen Edwards
42%
BaylorGJarod Butler
42%
Seton HallGMyles Powell
42%
KentuckyGDe’Aaron Fox
40%
DukeGTyus Jones
40%
GonzagaCChet Holmgren
38%
UNCGCoby White
38%
LouisvilleGDonovan Mitchell
38%
DukeFJayson Tatum
38%
West VirginiaGJevon Carter
38%
RutgersFRon Harper
38%
ButlerGDavion Mitchell
37%
VirginiaFDe’Andre Hunter
37%
USCCEvan Mobley
37%
Texas TechGJarrett Culver
35%
Wichita StateGRon Baker
35%
IllinoisGAyo Dosunmu
33%
Michigan StateFDenzel Valentine
33%
KentuckyGMalik Monk
32%
VillanovaGCollin Gillespie
30%
VillanovaGJosh Hart
30%
UNCGMarcus Paige
28%
KansasGDevonte Graham
27%
UCLAGJohnny Juzang
27%
MarquetteGMarkus Howard
27%
DukeFMarvin Bagley
27%
GonzagaFBrandon Clarke
25%
GonzagaFCorey Kispert
25%
KansasGFrank Mason
25%
ArkansasGJD Notae
25%
UNCGJoel Berry
25%
VillanovaGDonte Divincenzo
23%
VillanovaGRyan Arcidiacono
23%
KentuckyGTyler Herro
23%
ProvidenceGKris Dunn
22%
ArkansasGMoses Moody
22%
HoustonGQuentin Grimes
22%
GonzagaFRui Hachimura
22%
TennesseeGAdmiral Schofield
20%
MichiganGJordan Poole
20%
DukeGLuke Kennard
20%
UNCFLuke Maye
20%
KansasGOchai Agbaji
20%
PurdueFCaleb Swanigan
18%
GonzagaFDomantas Sabonis
18%
Ohio StateFEJ Liddell
18%
WisconsinFEthan Happ
18%
San Diego StateGMalachi Flynn
18%
MarylandGMelo Trimble
18%
Iowa StateFGeorges Niang
17%
Seton HallGIsaiah Whitehead
17%
GonzagaGNigel Williams-Goss
17%
South CarolinaFSindarius Thornwell
17%
Michigan StateFXavier Tillman
17%
DukeGGary Trent
15%
KentuckyCOscar Tshiebwe
15%
LSUGTremont Waters
15%
CincinnatiGJarron Cumberland
13%
VirginiaGMalcom Brogdon
13%
KentuckyGTyler Ulis
12%
Norte DameFBonzie Colson
10%
OregonGPayton Prichard
10%
IndianaGYogi Ferrell
10%
OregonGChris Duarte
8%
LouisvilleFJordan Nwora
8%
DukeCVernon Carey
7%
KansasCUdoka Azabuike
3%

Score Distribution

Percentile by Number Answered

Percent of People with Each Score

Your Score History

You have not taken this quiz